Top Vaccine Exporting Countries - Statistics

General Stats
  • This quiz has been taken 161 times
  • The average score is 13 of 15
Answer Stats
US$ % Country % Correct
2.0 billion 6.4 United States
99%
112.7 million 0.4 China
97%
447.6 million 1.4 Canada
95%
3.4 billion 10.8 United Kingdom
95%
4.3 billion 13.5 France
91%
503.1 million 1.6 Germany
91%
282.6 million 0.9 Spain
89%
754.8 million 2.4 India
87%
1.1 billion 3.5 Italy
85%
9.5 billion 30.2 Belgium
75%
1.9 billion 6.1 Netherlands
75%
142.6 million 0.5 South Korea
75%
591.9 million 1.9 Poland
73%
5.3 billion 16.8 Ireland
63%
322.3 million 1.0 Austria
61%
No matching quizzes found
Score Distribution
Percent of People with Each Score
Percentile by Number Answered
Your Score History
You have not taken this quiz